DYNAMIES OF ENTEREPRENURIAL REULP &MGT (Record no. 35571)
[ view plain ]
| 000 -LEADER | |
|---|---|
| fixed length control field | 00228nam a2200097Ia 4500 |
| 008 - FIXED-LENGTH DATA ELEMENTS--GENERAL INFORMATION | |
| fixed length control field | 170627s9999 xx 000 0 und d |
| 100 ## - MAIN ENTRY--PERSONAL NAME | |
| Personal name | DESAI VASANT |
| 245 #0 - TITLE STATEMENT | |
| Title | DYNAMIES OF ENTEREPRENURIAL REULP &MGT |
| 260 ## - PUBLICATION, DISTRIBUTION, ETC. | |
| Name of publisher, distributor, etc. | HPH |
| 260 ## - PUBLICATION, DISTRIBUTION, ETC. | |
| Date of publication, distribution, etc. | 2007 |
| 546 ## - LANGUAGE NOTE | |
| Language note | ENGLISH |
| Withdrawn status | Lost status | Source of classification or shelving scheme | Damaged status | Not for loan | Home library | Current library | Date acquired | Total Checkouts | Barcode | Date last seen | Price effective from | Koha item type |
|---|---|---|---|---|---|---|---|---|---|---|---|---|
| NOIDA IIMT College of Engineering MBA | NOIDA IIMT College of Engineering MBA | 06/29/2017 | 21-B-1423 | 06/29/2017 | 06/29/2017 | Book Bank | ||||||
| NOIDA IIMT College of Engineering MBA | NOIDA IIMT College of Engineering MBA | 06/29/2017 | 21-B-1424 | 06/29/2017 | 06/29/2017 | Book Bank | ||||||
| NOIDA IIMT College of Engineering MBA | NOIDA IIMT College of Engineering MBA | 06/29/2017 | 21-B-1425 | 06/29/2017 | 06/29/2017 | Book Bank | ||||||
| NOIDA IIMT College of Engineering MBA | NOIDA IIMT College of Engineering MBA | 06/29/2017 | 21-B-1426 | 06/29/2017 | 06/29/2017 | Book Bank | ||||||
| NOIDA IIMT College of Engineering MBA | NOIDA IIMT College of Engineering MBA | 06/29/2017 | 21-B-1427 | 06/29/2017 | 06/29/2017 | Book Bank |

